La transición energética en el sector eléctrico : líneas de evolución del sistema, de las empresas, de la regulación y de los mercados /

Bibliographic Details
Main Authors: Ariño Ortiz, Gaspar (Author), Guayo Castiella, Iñigo del (Author), Robinson, David (Author)
Format: Electronic eBook
Language:Spanish
Published: Bilbao : Publicaciones de la Universidad de Deusto, 2020.
Subjects:
Online Access:Digitalia Hispánica

MARC

LEADER 00000nam a2200000Ii 4500
001 DIGDEU0236
003 NyNyDIG
006 m o d
007 cr |||||||||||
008 241203s2020 sp o 000 0 spa d
035 |a (OCoLC)1475657991 
040 |a DGITA  |b eng  |e rda  |e pn  |c DGITA 
020 |a 9788413250939  |q eBook 
020 |z 9788413250922 
043 |a e-sp--- 
050 1 4 |a HD9685.S82 ebook 
100 1 |a Ariño Ortiz, Gaspar,  |e author. 
245 1 3 |a La transición energética en el sector eléctrico :   |b líneas de evolución del sistema, de las empresas, de la regulación y de los mercados /  |c Gaspar Ariño Ortiz, y el Equipo de Transición, Iñigo del Guayo Castiella, David Robinson. 
264 1 |a Bilbao :  |b Publicaciones de la Universidad de Deusto,  |c 2020. 
300 |a 1 online resource. 
336 |a text  |b txt  |2 rdacontent 
337 |a computer  |b c  |2 rdamedia 
338 |a online resource  |b cr  |2 rdacarrier 
347 |a text file  |2 rdaft 
347 |b PDF 
500 |a "Orkestra, Instituto Vasco de Competitividad, Fundación Deusto"--Cover. 
588 0 |a Online resource; title from PDF title page (Digitalia, viewed December 3, 2024) 
650 0 |a Electric industries  |z Spain. 
650 0 |a Electric industries  |z Spain  |x History. 
650 0 |a Power resources  |x Costs  |z Spain. 
700 1 |a Guayo Castiella, Iñigo del,  |e author. 
700 1 |a Robinson, David,  |e author. 
791 2 |a Digitalia (Firm),  |e distributor. 
793 0 |g Digitalia eBook Collection:  |a Universidad de Deusto 
776 0 8 |i Print version:  |a Ariño Ortiz, Gaspar.  |t Transición energética en el sector eléctrico.  |d Bilbao : Publicaciones de la Universidad de Deusto, [2020]  |z 9788413250922 
856 4 0 |3 Digitalia Hispánica  |u https://www.digitaliapublishing.com/a/163577/ 
910 |a Premium collection: 2024